000 00279nam a22001337a 4500
008 170215b xxu||||| |||| 00| 0 eng d
020 _a1560533609
041 _aeng
080 _a61
100 _a4
101 _aSHM
245 _aWOMEN'S HEALTH CARE
_cVEET, L
942 _2udc
_cBK
999 _c5535
_d5535